| 000 | 00576nam a2200217 a 4500 | ||
|---|---|---|---|
| 999 |
_c6478 _d6478 |
||
| 001 | 6478 | ||
| 003 | BD-JhCC | ||
| 005 | 20221013134022.0 | ||
| 008 | 180123s2005 usa |||| |||| 000 0 eng d | ||
| 020 | _a1932181164 | ||
| 035 | _a(BD-JhCC) | ||
| 040 |
_aBD-JhCC _dBD-JhCC |
||
| 041 | _aeng | ||
| 082 |
_a158.1 _bALL 2005 |
||
| 100 | _aAllen, Mary E. | ||
| 245 |
_aThe Power of Inner Choice : _b12 Weeks to Living a Life YOU Love / _cMary E. Allen |
||
| 260 |
_aUSA: _bPersonhood Press _c2005 |
||
| 300 |
_a365 p;, _c22 cm |
||
| 650 | _aSelf Actualization | ||
| 942 |
_2ddc _cBK _07 |
||